<?xml version="1.0" encoding="UTF-8"?>
<record
    xmlns:xsi="http://www.w3.org/2001/XMLSchema-instance"
    xsi:schemaLocation="http://www.loc.gov/MARC21/slim http://www.loc.gov/standards/marcxml/schema/MARC21slim.xsd"
    xmlns="http://www.loc.gov/MARC21/slim">

  <leader>02503nam a22004337a 4500</leader>
  <controlfield tag="003">PE-LiUPU</controlfield>
  <controlfield tag="005">20250731180158.0</controlfield>
  <controlfield tag="008">220915b        |||||||| |||| 00| 0 spa d</controlfield>
  <datafield tag="020" ind1=" " ind2=" ">
    <subfield code="a">9786075265568</subfield>
  </datafield>
  <datafield tag="040" ind1=" " ind2=" ">
    <subfield code="a">PE-LiUPU</subfield>
    <subfield code="b">spa</subfield>
    <subfield code="c">PE-LiUPU</subfield>
    <subfield code="e">rda</subfield>
  </datafield>
  <datafield tag="082" ind1=" " ind2=" ">
    <subfield code="2">23</subfield>
    <subfield code="a">515.35</subfield>
    <subfield code="b">G475m</subfield>
  </datafield>
  <datafield tag="100" ind1="1" ind2=" ">
    <subfield code="9">175</subfield>
    <subfield code="a">Gill, Dennis G.</subfield>
    <subfield code="e">autor</subfield>
  </datafield>
  <datafield tag="245" ind1="1" ind2="0">
    <subfield code="a">Matem&#xE1;ticas V :</subfield>
    <subfield code="b">Ecuaciones diferenciales /</subfield>
    <subfield code="c">Dennis G. Zill y Warren S. Wright</subfield>
  </datafield>
  <datafield tag="264" ind1=" " ind2=" ">
    <subfield code="a">M&#xE9;xico :</subfield>
    <subfield code="b">Cengage Learning,</subfield>
    <subfield code="c">2013</subfield>
  </datafield>
  <datafield tag="300" ind1=" " ind2=" ">
    <subfield code="a">236 p&#xE1;ginas :</subfield>
    <subfield code="c">27 cm.</subfield>
  </datafield>
  <datafield tag="505" ind1=" " ind2=" ">
    <subfield code="a">ECUACIONES DIFERENCIALES DE PRIMER ORDEN -- Definiciones y terminolog&#xED;a -- Problemas con valores iniciales -- Ecuaciones diferenciales como modelos matem&#xE1;ticos -- Variables separables -- Ecuaciones lineales -- Ecuaciones exactas -- Soluciones por sustituci&#xF3;n &#x2013; ECUACIONES DIFERENCIALES DE ORDEN SUPERIOR -- Teor&#xED;a preliminar: Ecuaciones lineales -- Reducci&#xF3;n de orden -- Ecuaciones lineales homog&#xE9;neas con coeficientes constantes -- Coeficientes indeterminados: M&#xE9;todo de superposici&#xF3;n -- Coeficientes indeterminados: M&#xE9;todo del anulador -- Variaci&#xF3;n de par&#xE1;metros -- Ecuaci&#xF3;n de Cauchy-Euler -- LA TRANSFORMADA DE LAPLACE -- Definici&#xF3;n de la transformada de Laplace -- Transformadas inversas y transformadas de derivadas -- Propiedades operacionales I &#x2013; Propiedades operacionales II -- La funci&#xF3;n delta de Dirac &#x2013; INTRODUCCI&#xD3;N A LOS SISTEMAS DE ECUACIONES DIFERENCIALES LINEALES -- Soluci&#xF3;n de sistemas de ED lineales por eliminaci&#xF3;n -- Soluci&#xF3;n de sistemas de ED lineales por transformada de Laplace -- Introducci&#xF3;n a la soluci&#xF3;n matricial de sistemas de ED lineales -- Sistemas lineales homog&#xE9;neos -- Funciones ortogonales -- Series de Fourier -- Series de Fourier de cosenos y de senos -- Problemas con valores en la frontera en coordenadas rectangulares -- Funci&#xF3;n gamma -- Transformadas de Laplace.</subfield>
  </datafield>
  <datafield tag="526" ind1=" " ind2=" ">
    <subfield code="a">SEG44</subfield>
  </datafield>
  <datafield tag="526" ind1=" " ind2=" ">
    <subfield code="a">SEG26</subfield>
  </datafield>
  <datafield tag="526" ind1=" " ind2=" ">
    <subfield code="a">P159</subfield>
  </datafield>
  <datafield tag="526" ind1=" " ind2=" ">
    <subfield code="a">P155</subfield>
  </datafield>
  <datafield tag="526" ind1=" " ind2=" ">
    <subfield code="a">P154</subfield>
  </datafield>
  <datafield tag="526" ind1=" " ind2=" ">
    <subfield code="a">P153</subfield>
  </datafield>
  <datafield tag="526" ind1=" " ind2=" ">
    <subfield code="a">P150</subfield>
  </datafield>
  <datafield tag="526" ind1=" " ind2=" ">
    <subfield code="a">P100</subfield>
  </datafield>
  <datafield tag="526" ind1=" " ind2=" ">
    <subfield code="a">P31</subfield>
  </datafield>
  <datafield tag="526" ind1=" " ind2=" ">
    <subfield code="a">P30</subfield>
  </datafield>
  <datafield tag="526" ind1=" " ind2=" ">
    <subfield code="a">P26</subfield>
  </datafield>
  <datafield tag="526" ind1=" " ind2=" ">
    <subfield code="a">P25</subfield>
  </datafield>
  <datafield tag="526" ind1=" " ind2=" ">
    <subfield code="a">P24</subfield>
  </datafield>
  <datafield tag="526" ind1=" " ind2=" ">
    <subfield code="a">P22</subfield>
  </datafield>
  <datafield tag="526" ind1=" " ind2=" ">
    <subfield code="a">P15</subfield>
  </datafield>
  <datafield tag="526" ind1=" " ind2=" ">
    <subfield code="a">P10</subfield>
  </datafield>
  <datafield tag="650" ind1=" " ind2="0">
    <subfield code="9">176</subfield>
    <subfield code="a">Ecuaciones diferenciales</subfield>
  </datafield>
  <datafield tag="700" ind1="1" ind2=" ">
    <subfield code="9">177</subfield>
    <subfield code="a">Wright, Warren S.</subfield>
    <subfield code="e">autor</subfield>
  </datafield>
  <datafield tag="700" ind1="1" ind2=" ">
    <subfield code="9">178</subfield>
    <subfield code="a">Ibarra Escutia, Joel</subfield>
    <subfield code="e">autor</subfield>
  </datafield>
  <datafield tag="700" ind1="1" ind2=" ">
    <subfield code="9">179</subfield>
    <subfield code="a">Garc&#xED;a Hern&#xE1;ndez, Ana Elizabeth</subfield>
    <subfield code="e">traductora</subfield>
  </datafield>
  <datafield tag="942" ind1=" " ind2=" ">
    <subfield code="2">ddc</subfield>
    <subfield code="c">BOOK</subfield>
    <subfield code="n">0</subfield>
  </datafield>
  <datafield tag="980" ind1=" " ind2=" ">
    <subfield code="6">18226</subfield>
    <subfield code="a">Jaime Vilcaz&#xE1;n</subfield>
    <subfield code="8">1</subfield>
    <subfield code="g">ALBERTO SANCHEZ Responsable de Automatizaci&#xF3;n</subfield>
  </datafield>
  <datafield tag="999" ind1=" " ind2=" ">
    <subfield code="c">61572</subfield>
    <subfield code="d">61572</subfield>
  </datafield>
  <datafield tag="952" ind1=" " ind2=" ">
    <subfield code="r">2025-12-02 00:00:00</subfield>
    <subfield code="i">1</subfield>
    <subfield code="l">3</subfield>
    <subfield code="o">515.35 G475m</subfield>
    <subfield code="p">81123</subfield>
    <subfield code="s">2023-05-10</subfield>
    <subfield code="t">e1</subfield>
    <subfield code="v">28.96</subfield>
    <subfield code="w">2022-09-15</subfield>
    <subfield code="x">FACIHED</subfield>
    <subfield code="y">BK</subfield>
    <subfield code="z">inventario-2023-12-13</subfield>
    <subfield code="1">0</subfield>
    <subfield code="2">ddc</subfield>
    <subfield code="5">0</subfield>
    <subfield code="7">0</subfield>
    <subfield code="8">GEN</subfield>
    <subfield code="f">P15</subfield>
    <subfield code="a">BUL</subfield>
    <subfield code="b">BUL</subfield>
    <subfield code="c">GEN</subfield>
    <subfield code="d">2022-08-23</subfield>
    <subfield code="e">LIBUN</subfield>
    <subfield code="g">23.96</subfield>
  </datafield>
</record>
